• 首页
  • 本馆介绍
  • 公告通知
  • 最新文献
  • 馆藏检索
  • 电子资源
  • 读者导购
  • 参考咨询
  • 我的图书馆
  • 登录
  • 详细信息显示
  • 放入我的书架
  • 预约/预借图书
  • 作者相关作品
  • 分类相关作品
  • 丛书相关作品
  • 出版社相关作品

书目信息

  • 表格格式
  • 工作单格式
  • 卡片格式
题名:
合成高分子材料应用
    
 
作者: 叶晓 主编
分册:  
出版信息: 北京   化学工业出版社  2010.06
页数: 225页
开本: 27cm
丛书名:
单 册:
中图分类: TB324
科图分类:
主题词: 高分子材料--合成材料--高等学校--教材 , 高分子材料 , 合成材料
电子资源:
ISBN: 978-7-122-09442-1
000 00925nam0 2200265 450
001 010020001910
005 20120628152750.59
010    @a978-7-122-09442-1@dCNY29.00
100    @a20110120d2010 em y0chiy0110 ea
101 0  @achi
102    @aCN@b110000
105    @aak z 000yy
106    @ar
200 1  @a合成高分子材料应用@9he cheng gao fen zi cai liao ying yong@f叶晓主编
210    @a北京@c化学工业出版社@d2010.06
215    @a225页@c图@d27cm
300    @a高等学校教材
330    @a本书主要以合成高分子材料的应用为主线,在简要介绍高分子材料合成、改性和加工等基础知识之上,从其在建筑、汽车、生物医药、包装、纺织和食品等行业的应用出发,介绍了不同合成高分子材料品种的性能特点和用途。
606 0  @a高分子材料@x合成材料@x高等学校@j教材
606 0  @a高分子材料
606 0  @a合成材料
690    @aTB324@v4
701  0 @a叶晓@9ye xiao@4主编
801  0 @aCN@bRENTIAN@c20110120
905    @b541752-56@dTB324@e218@f5
    
    合成高分子材料应用/叶晓主编.-北京:化学工业出版社,2010.06
    225页:图;27cm
    高等学校教材
    
    ISBN 978-7-122-09442-1:CNY29.00
    本书主要以合成高分子材料的应用为主线,在简要介绍高分子材料合成、改性和加工等基础知识之上,从其在建筑、汽车、生物医药、包装、纺织和食品等行业的应用出发,介绍了不同合成高分子材料品种的性能特点和用途。
●
相关链接 在E读中查询图书 在五车中查询图书 在当当中查询图书 在豆瓣中查询图书


正题名:合成高分子材料应用     索取号:TB324/218         预约/预借

序号 登录号 条形码 馆藏地/架位号 状态 备注
1 541752   205417529   第二样本阅览室/ [索取号:TB324/218] 在馆    
2 541753   205417538   第三借阅区/ [索取号:TB324/218] 在馆    
3 541754   205417547   第三借阅区/ [索取号:TB324/218] 在馆    
4 541755   205417556   第三借阅区/ [索取号:TB324/218] 在馆    
5 541756   205417565   第三借阅区/ [索取号:TB324/218] 在馆    
唐山师范学院图书馆 欢迎您!
大连网信软件有限公司© 版权所有